000 01121nam a22002537a 4500
005 20240530110514.0
008 160103s2013 ua g b 000 0 ara d
017 _a2012/16174
_bمصر . دار الكتب المصرية
020 _a9789774383052
040 _aEG-CaGPL
082 0 4 _221
_a250\
_bع ن
100 0 _aعبدالحليم محمد منصور على
245 1 0 _aنقل الاعضاء من الميت الى الحى :
_bبين الشريعة الاسلامية و القانون الوضعى : دراسة مقارنة /
_cعبدالحليم محمد منصور على
250 _aط1
260 _aالاسكندرية :
_bالمكتب الجامعى الحديث ،
_c2013 .
300 _a199 ص ؛
_c24 سم .
504 _aيشتمل على ارجاعات ببليوجرافية
650 0 4 _aالاعضاء البشرية
650 0 4 _aزراعة الاعضاء
_xالشريعة الاسلامية
650 0 4 _aنقل الاعضاء
_xالشريعة الاسلامية
650 0 4 _aالفتاوى الاسلامية
942 _2ddc
_cBK
999 _c61748
_d61748